000 00430nam a2200181Ia 4500
001 11663
005 20260306162844.0
008 260306t1990||||xx |||||||||||||| ||spa||
041 _aESP
082 _a986.104
_bA68
100 _aHernández de Alba, Guillermo (Comp.)
_eAUT
245 0 _aArchivo Nariño:
_b1812-1815
260 _c1990
300 _a
_c24 cm.
650 _aGEN
654 _aCHU
942 _cLIB
_dJUS
_fJUS
_2ddc
_n
999 _c11663
_d11663